Statistics for Atlas of Jetpunk

Click here to take the quiz!

General Stats

  • This quiz has been taken 68 times
  • The average score is 22 of 27

Answer Stats

CountCountry% Correct
46USA
98%
43France
97%
45UK
95%
16China
94%
38Germany
94%
33Italy
94%
32Spain
94%
14Japan
89%
15Mexico
89%
27Netherlands
89%
13Russia
89%
28Canada
88%
13Norway
84%
18Sweden
84%
17Greece
83%
15Poland
83%
18Portugal
83%
22Austria
81%
26Belgium
81%
15Ireland
81%
20Switzerland
80%
15Denmark
77%
13Turkey
77%
18Czech Republic
67%
13Hungary
58%
13Thailand
41%
14Estonia
14%

Score Distribution

Percentile by Number Answered

Percent of People with Each Score

Your Score History

You have not taken this quiz